01010nam a2200253 a 4500001000500000005001700005008004100022020001800063050002300081100001600104245006400120250001100184260004000195300002300235440001400258500002000272520010000292650006200392650004700454650005700501650006400558999001900622952011500641184620140414131855.0010423s19uu xx 00 eng d a0-89686-704-8 aM 910.92bN74 1993 aNoonan, Jon aMarco Polo /cby Jon Noonan ; illustrated by Yoshie Miyake. a1st Ed aNew York :bCrestwood House,c1993. a48 p. : ill. ; cm. aExplorers aIncludes index. aDescribes the life and journey of the Italina trader who became famous for his travels in Asia. aPolo, Marco, 1254-1323? - Journeys - Juvenile literature. aVoyages and travels - Juvenile literature. aExplorers - Italy - Biography - Juvenile literature. aChina - Discovery and travel to 1900 - Juvenile literature. c110401d110401 00104050aMUbMUcMd2004-12-22eLib. Fundl0oM 910.92 N74 1993pM0795r2014-04-14 00:00:00w2014-04-14yBK